EDUCATION in the 21st century
Saved in:
| 格式: | 圖書 |
|---|---|
| 語言: | 英语 |
| 出版: |
Obafemi Awolowo University Press
2019
|
| 標簽: |
添加標簽
沒有標簽, 成為第一個標記此記錄!
|
MARC
| LEADER | 00000nam a22000007a 4500 | ||
|---|---|---|---|
| 008 | 210909b ||||| |||| 00| 0 eng d | ||
| 020 | |a 9781366818 | ||
| 245 | |a EDUCATION in the 21st century |c edited by B. A. Adeyemi (et al.) |g VI, 267p.:ill. | ||
| 250 | |c ADEYEMI, B. A. (et al.) | ||
| 260 | |b Obafemi Awolowo University Press |c 2019 |h Ile-Ife, Nigeria |i 695893 |i 695894 |i 695895 |i 695896 |i 695897 |l LA1501.Ed8 |m Education--Congress |m Education--Nigeria |m Educational Planning--Nigeria |m School management and organization--Nigeria |m Educational change--Nigeria |m Education--Philosophy | ||
| 500 | |a It includes index and references | ||
| 942 | |a lcc |c BK |e Kuteyi, M. A. |f 9/9/2021 | ||
| 952 | |0 0 |1 0 |2 lcc |4 0 |6 LA1501 E D8 |7 0 |9 3479 |a HOL |b HOL |c LP |d 2021-09-09 |l 0 |o LA1501.Ed8 |p 2021-67204 |r 2021-09-09 00:00:00 |w 2021-09-09 |y BK | ||
| 952 | |0 0 |1 0 |2 lcc |4 0 |6 LA1501 E D8 |7 0 |9 3480 |a HOL |b HOL |c LP |d 2021-09-09 |l 0 |o LA1501.Ed8 |p 2021-67205 |r 2021-09-09 00:00:00 |w 2021-09-09 |y BK | ||
| 952 | |0 0 |1 0 |2 lcc |4 0 |6 LA1501 E D8 |7 0 |9 3481 |a HOL |b HOL |c LP |d 2021-09-09 |l 0 |o LA1501.Ed8 |p 2021-67206 |r 2021-09-09 00:00:00 |w 2021-09-09 |y BK | ||
| 952 | |0 0 |1 0 |2 lcc |4 0 |6 LA1501 E D8 |7 0 |9 3482 |a HOL |b ED |c LP |d 2021-09-09 |l 0 |o LA1501.Ed8 |p 2021-67207 |r 2021-09-09 00:00:00 |w 2021-09-09 |y BK | ||
| 952 | |0 0 |1 0 |2 lcc |4 0 |6 LA1501 E D8 |7 0 |9 3483 |a HOL |b ED |c LP |d 2021-09-09 |l 0 |o LA1501.Ed8 |p 2021-67208 |r 2021-09-09 00:00:00 |w 2021-09-09 |y BK | ||
| 999 | |c 1732 |d 1732 | ||